000 00495nam a2200193Ia 4500
999 _c33810
_d33810
003 OSt
005 20210727112026.0
008 160316s9999 xxu||||| |||| 00| 0 eng d
040 _c.
082 _a344.013400
_bNLS
100 _a
245 _aA course on child labour in India
260 _aBangalore
_bNLSIU
_c0
300 _a235
650 _a1. child labour2. working children
700 _a
_a
856 _u http://opac.nls.ac.in:8081/xmlui/handle/123456789/646
942 _2ddc
_cREP